00513nam a2200145Ia 4500008004100000041000800041082001700049100001100066245004500077260006100122300003300183365001100216999001700227952012300244240624s9999 xx 000 0 und d aeng a658.3054 OXF aOXFORD aINDIA HUMAN DEVELOPMENT REPORT 2011 TOWA c2011asocial inclusionNew DelhibOxford University Press axxiii, : 418 : p. : cm. ; 27 cRSb32 c19075d19075 00104070aIMTNbIMTNcRack 26-Ad2012-05-16eAPg695.00o658.3054 OXFp19075r2024-06-24 00:00:00t1w2024-06-24yBK